| 000 | 004940000a22001810004500 | ||
|---|---|---|---|
| 003 | MACL | ||
| 005 | 20150814142927.0 | ||
| 008 | 150814b xxu||||| |||| 00| 0 eng d | ||
| 040 |
_aMACL _cMACL |
||
| 041 | _aEnglish | ||
| 082 | _a403/RAJ | ||
| 100 |
_aRajagopalan, N _95597 |
||
| 245 |
_aAnother Garland _bBiographical Dictionary of Carnatic Composers & Musicians Book-2 |
||
| 260 |
_bCarnatic Classicals _c1993 _aMadras |
||
| 350 | _a250 | ||
| 650 |
_aDictionary _95598 |
||
| 942 |
_cBK _k403 _2ddc |
||
| 999 |
_c4953 _d4953 |
||